1973 1893 1624 1860 1621 1662 1745 1778 1309 1095 1854 1821 1373 1193 1724 1327 1593 1239 1782 1291 1985 1922 1977 1791 1558 1793 1943 1672 1375 1402 1282 1795 1949 1092 1133 1132 1336 1847 1753 1598 1523 1722 1003 1782 1259 1477 1914 1416 1305 1593 1892 1555 1779 1540 1039 1843 1528 1028 1959 1910 1994 1758 1658 1770 1683 1400 1088 1803 1357 1399 1480 1959 1806 1540 1797 1982 1836 1698 1915 1455 1831 1172 1812 1787 1317 1565 1427 1806 1511 1998 1794 1098 1719 1122 1264 1231 1433 1013 1378 BCNSPRNW ULIB Ver.6.0+V

เปลี่ยนเป็นภาษาไทย

Change to English
 แสดงรายละเอียดบรรณานุกรม
  กลับหน้าหลัก

Brief Record : Get Marc (ISO 2709) : E-mail record : QR code < ปิดหน้าต่าง
LEADER : 00000nam 2200000uu 4500
001    13399108713
003     ULIB
008    110314s2544||||th 000 0 tha d
020    9747423332 (pbk.)
060 04 WY154^bก492 2544
245 00 การพยาบาลผู้ป่วยภาวะวิกฤต =^bCritical care nursing /^cวิจิตรา กุสุมภ์, บรรณาธิการ
246 31 Critical care nursing
250    พิมพ์ครั้งที่ 1
260    กรุงเทพฯ :^bสหประชาพาณิชย์,^c2544
300    284 หน้า :^bภาพประกอบ ;^c26ซม.
504    บรรณานุกรม
650  2 Critical care
650  2 Nursing
650  7 ผู้ป่วยหนัก, การดูแล
700 0  วิจิตรา กุสุมภ์,^eบรรณาธิการ
945    ^p200^l0^i015099
945    ^p200^l0^i013995
945    ^p200^l0^i013996
945    ^p200^l0^i013994
995    เกษร
999 ^a ใช้งานได้ทุกระบบ
รายการนี้ยังไม่มีแท็ก
คุณยังไม่ได้ล็อกอิน คุณสามารถมีกิจกรรมร่วมกับเว็บไซต์ได้ แต่ต้องล็อกอินก่อน ::
  ล็อกอิน

รายการสื่อสารสนเทศ

ลำดับที่ ประเภท เลขเรียก/บาร์โค้ด สถานที่ สถานะ
- ไม่พบข้อมูล -

รายการใกล้เคียง
    หัวเรื่อง [Critical care]
    หัวเรื่อง [Nursing]
    หัวเรื่อง [ผู้ป่วยหนัก, การดูแล]

BibComment


ยังไม่เคยถูกคอมเมนท์

คอมเมนท์ทรัพยากรรายการนี้
  คอมเมนท์: การพยาบาลผู้ป่วยภ..


 Copyright 2026. Bcnsprnw @Library